Strukturwandel des Ehrenamts: Gemeinwohlorientierung im Modernisierungsprozeß

Saved in:  
Bibliographic Details
Authors: Beher, Karin 1959- (Author) ; Liebig, Reinhard 1959- (Author) ; Rauschenbach, Thomas 1952- (Author)
Contributors: Düx, Wiebken 1945- (Other)
Format: Print Book
Language:German
Published: Weinheim [u.a.] Juventa-Verl. 2000
In:Year: 2000
Online Access: Table of Contents
Table of Contents
Rezension (Publisher)
Check availability: HBZ Gateway
Subito Delivery Service: Order now.
Keywords:

MARC

LEADER 00000cam a2200000 c 4500
001 301985804
003 DE-627
005 20260206193451.0
007 tu
008 990830s2000 gw ||||| 00| ||ger c
015 |a 00,N03,0156  |2 dnb 
015 |a 00,A23,0385  |2 dnb 
016 7 |a 958111847  |2 DE-101 
020 |a 9783779914068  |9 978-3-7799-1406-8 
020 |a 3779914069  |9 3-7799-1406-9 
035 |a (DE-627)301985804 
035 |a (DE-603)084862343 
035 |a (DE-576)08287736X 
035 |a (DE-599)GBV301985804 
035 |a (OCoLC)237462009 
035 |a (OCoLC)237462009 
035 |a (OCoLC)44056496 
040 |a DE-627  |b ger  |c DE-627  |e rakwb 
041 |a ger 
044 |c XA-DE 
082 0 |a 361.370943  |q BSZ 
082 0 4 |a 14  |q dnb 
084 |a SOP 1053  |2 sfb 
084 |a 14  |2 sdnb 
084 |a CV 6500  |q BVB  |2 rvk  |0 (DE-625)rvk/19165: 
084 |a DS 5400  |2 rvk  |0 (DE-625)rvk/19945: 
084 |a DS 6500  |2 rvk  |0 (DE-625)rvk/19951: 
084 |a DU 1000  |2 rvk  |0 (DE-625)rvk/20042:761 
084 |a MS 5900  |2 rvk  |0 (DE-625)rvk/123734: 
084 |a MS 6470  |2 rvk  |0 (DE-625)rvk/123756: 
084 |a 79.04  |2 bkl 
084 |a 76.21  |2 bkl 
084 |a 79.50  |2 bkl 
100 1 |a Beher, Karin  |d 1959-  |0 (DE-588)121640191  |0 (DE-627)081439415  |0 (DE-576)178578819  |4 aut 
109 |a Beher, Karin 1959- 
245 1 0 |a Strukturwandel des Ehrenamts  |b Gemeinwohlorientierung im Modernisierungsprozeß  |c Karin Beher; Reinhard Liebig; Thomas Rauschenbach. Unter Mitarb. von Wiebken Düx 
264 1 |a Weinheim [u.a.]  |b Juventa-Verl.  |c 2000 
300 |a 327 S.  |b graph. Darst.  |c 23 cm 
336 |a Text  |b txt  |2 rdacontent 
337 |a ohne Hilfsmittel zu benutzen  |b n  |2 rdamedia 
338 |a Band  |b nc  |2 rdacarrier 
490 0 |a Juventa-Materialien 
500 |a Literaturverz. S. 297 - 324 
505 8 |a Literaturverz. S. 297 - 324 
505 8 |a Literaturverz. S. 297 - 324 
583 1 |a Archivierung/Langzeitarchivierung gewährleistet  |f PEBW  |x XA-DE-BW  |2 pdager  |5 DE-31 
650 4 |a Social Service  |x Citizen participation 
650 4 |a Voluntarism  |x Germany 
650 4 |a Volunteer workers in social service 
650 4 |a Deutschland 
650 4 |a Ehrenamtliche Tätigkeit 
650 4 |a Ehrenamt 
689 0 0 |d g  |0 (DE-588)4011882-4  |0 (DE-627)104704861  |0 (DE-576)208896155  |a Deutschland  |2 gnd 
689 0 1 |d s  |0 (DE-588)4013673-5  |0 (DE-627)104123559  |0 (DE-576)208905057  |a Ehrenamtliche Tätigkeit  |2 gnd 
689 0 |5 DE-101 
689 1 0 |d g  |0 (DE-588)4011882-4  |0 (DE-627)104704861  |0 (DE-576)208896155  |a Deutschland  |2 gnd 
689 1 1 |d s  |0 (DE-588)4055676-1  |0 (DE-627)106157159  |0 (DE-576)209114959  |a Sozialarbeit  |2 gnd 
689 1 2 |d s  |0 (DE-588)4120755-5  |0 (DE-627)10577426X  |0 (DE-576)20953768X  |a Modernisierung  |2 gnd 
689 1 |5 (DE-627) 
700 1 |a Liebig, Reinhard  |d 1959-  |0 (DE-588)122435540  |0 (DE-627)081941129  |0 (DE-576)178578827  |4 aut 
700 1 |a Rauschenbach, Thomas  |d 1952-  |0 (DE-588)118087045  |0 (DE-627)079236235  |0 (DE-576)162667574  |4 aut 
700 1 |a Düx, Wiebken  |d 1945-  |0 (DE-588)1025763157  |0 (DE-627)723943915  |0 (DE-576)37076238X  |4 oth 
856 4 2 |u http://www.gbv.de/dms/hebis-darmstadt/toc/84862343.pdf  |m V:DE-603  |m B:DE-17  |q pdf/application  |x Verlag  |y Inhaltsverzeichnis  |3 Inhaltsverzeichnis  |7 1 
856 4 2 |u http://www.socialnet.de/rezensionen/isbn.php?isbn=978-3-7799-1406-8  |m V:DE-601  |m B:socialnet.  |q text/html  |v 201307-05  |x Verlag  |y Rezension (socialnet.)  |3 Rezension  |7 1 
856 4 2 |u http://scans.hebis.de/HEBCGI/show.pl?08486234_toc.pdf  |m V:DE-603;B:DE-17  |q application/pdf  |3 Inhaltsverzeichnis  |7 1 
935 |i Blocktest 
935 |h HEB  |i 0501 
935 |h HEB  |i 0503 
936 r v |a CV 6500  |b Persönlichkeit, problematische Persönlichkeit  |k Psychologie  |k Sozialpsychologie  |k Persönlichkeit, problematische Persönlichkeit  |0 (DE-627)127148790X  |0 (DE-625)rvk/19165:  |0 (DE-576)20148790X 
936 r v |a DS 5400  |b Gemeinwesenarbeit  |k Pädagogik  |k Sozialpädagogik, Sozialarbeit  |k Methoden und Arbeitsformen  |k Gemeinwesenarbeit  |0 (DE-627)127078434X  |0 (DE-625)rvk/19945:  |0 (DE-576)20078434X 
936 r v |a DS 6500  |b Sozialpädagogik/Sozialarbeit und Verwaltung  |k Pädagogik  |k Sozialpädagogik, Sozialarbeit  |k Sozialpolitische und sozialadministrative Rahmenbedingungen  |k Sozialpädagogik/Sozialarbeit und Verwaltung  |0 (DE-627)1270784390  |0 (DE-625)rvk/19951:  |0 (DE-576)200784390 
936 r v |a DU 1000  |b Allgemeines und Deutschland  |k Pädagogik  |k Pädagogische Soziologie  |k Allgemeines  |k Allgemeines und Deutschland  |0 (DE-627)1270729411  |0 (DE-625)rvk/20042:761  |0 (DE-576)200729411 
936 r v |a MS 5900  |b Freiwillige Vereinigungen  |k Soziologie  |k Spezielle Soziologien  |k Soziologie der Organisationen  |k Freiwillige Vereinigungen  |0 (DE-627)1271441314  |0 (DE-625)rvk/123734:  |0 (DE-576)201441314 
936 r v |a MS 6470  |b Sozialarbeit; Hilfsorganisation, Rehabilitation, Sozialpädagogik, Resozialisierung, Bewährungshilfe  |k Soziologie  |k Spezielle Soziologien  |k Soziale Probleme  |k Sozialarbeit; Hilfsorganisation, Rehabilitation, Sozialpädagogik, Resozialisierung, Bewährungshilfe  |0 (DE-627)1270651951  |0 (DE-625)rvk/123756:  |0 (DE-576)200651951 
936 b k |a 79.04  |j Ausbildung  |j Beruf  |j Organisationen  |x Sozialpädagogik, Sozialarbeit  |0 (DE-627)106412760 
936 b k |a 76.21  |j Sportvereine  |0 (DE-627)181571366 
936 b k |a 79.50  |j Gemeinwesenarbeit  |0 (DE-627)106408097 
936 s n |a c200  |2 mzub 
936 s n |a d100  |2 mzub 
936 s n |a m200  |2 mzub 
951 |a BO 
ELC |b 1 
LOK |0 000 xxxxxcx a22 zn 4500 
LOK |0 001 3134030462 
LOK |0 003 DE-627 
LOK |0 004 301985804 
LOK |0 005 20151116135648 
LOK |0 008 150728||||||||||||||||ger||||||| 
LOK |0 035   |a (DE-21-110)kd137917 
LOK |0 040   |a DE-21-110  |c DE-627  |d DE-21-110 
LOK |0 689   |a s  |a Ehrenamt 
LOK |0 852   |z Kein Bestand am IfK; Nachweis für KrimDok 
LOK |0 852   |a DE-21-110 
LOK |0 852 1  |9 00 
LOK |0 935   |a k110 
LOK |0 939   |a 28-07-15  |b l01 
ORI |a SA-MARC-krimdoka001.raw 
TIM |a 100019901003_100020261231  |b 1990-10-03 - 2026